Statistics for Six Flags over Texas

Click here to take the quiz!

General Stats

  • This quiz has been taken 907 times
  • The average score is 6 of 6

Answer Stats

HintAnswer% Correct
Mexico
100%
United States
100%
Spain
99%
Republic of Texas
98%
France
95%
Confederate States of America
90%

Score Distribution

Percentile by Number Answered

Percent of People with Each Score

Your Score History

You have not taken this quiz